000
00270nam a2200109Ia 4500
008
230320s9999||||xx |||||||||||||| ||spa||
082
_a
869.56/S24
100
_a
Sassone, Felipe
245
0
_a
Cancion De Mi Camino (Todos Mis Versos)
260
_b
AGUILAR
942
_8
0
_c
LIB
999
_c
32413
_d
32413